Porovnanie základných štrukturálnych súvislostí medzi ekonomikami ČSFR a SRN so zreteľom na Slovensko
Salvato in:
| Autore principale: | |
|---|---|
| Natura: | Libro |
| Lingua: | slovacco inglese |
| Pubblicazione: |
Bratislava
Prognostický ústav SAV
1991
|
| Edizione: | 1. vyd. |
| Serie: | Pracovné materiály
Č.20 |
| Soggetti: | |
| Tags: |
Nessun Tag, puoi essere il primo ad aggiungerne!!
|
MARC
| LEADER | 00000nam a2200000 4500 | ||
|---|---|---|---|
| 001 | c013208 | ||
| 005 | 20230117084704.2 | ||
| 041 | 0 | |a slo | |
| 041 | 0 | |a eng | |
| 044 | |a SK | ||
| 245 | 1 | 0 | |a Porovnanie základných štrukturálnych súvislostí medzi ekonomikami ČSFR a SRN so zreteľom na Slovensko |c Pavol Kárász |
| 250 | |a 1. vyd. | ||
| 264 | 1 | |a Bratislava |b Prognostický ústav SAV |c 1991 | |
| 300 | |a 68 s. | ||
| 490 | 1 | |a Pracovné materiály |v Č.20 | |
| 830 | 0 | |a Pracovné materiály |v Č.20 | |
| 610 | 2 | 0 | |a hospodárstvo národné |
| 610 | 2 | 0 | |a porovnanie štatistické medzinárodné |
| 610 | 2 | 0 | |a politika hospodárska |
| 610 | 2 | 0 | |a trh |
| 610 | 2 | 0 | |a porovnanie medzinárodné |
| 610 | 2 | 0 | |a odvetvia činnosti ekonomickej |
| 610 | 2 | 0 | |a zmeny štruktúrne |
| 610 | 2 | 0 | |a Slovensko |
| 610 | 2 | 0 | |a Nemecko |
| 610 | 2 | 0 | |a ČSFR |
| 100 | 1 | |a Kárász, Pavol | |